000 00675nam a22002537a 4500
001 BR4600083
003 BR-BrBNA
005 20230928082928.0
007 ta
008 230509b bl.||||| |||| 00| 0 por d
040 _aBR-BrBNA
_bpor
_cBiblioteca Nacional de Agricultura
041 _a(Por)
072 _aL40; L10
_b5213
_b/G514
090 _ 5213 BR4600083
100 1 _aBorges, O.A.
245 1 _aO zebu do Brasil [morfologia animal, melhoramento genetico animal]
260 3 _aUberaba, MG (Brasil):
_c1946.
300 _a285 p.
650 _aGADO ZEBU
650 _aMORFOLOGIA ANIMAL
650 _aRACA
909 _a202309
_bLucia
_c55
_dLucia Elande
942 _cBK
999 _c10665
_d10665